4c : Say the sound

Bibliographic Details
Main Author: Murray, W.
Corporate Author: Title
Other Authors: Wingfield, J.H
Format: Book
Published: London : Ladybird
Series:Key words with Ladybird
Subjects:

MARC

LEADER 00000cam a2200000 7i4500
001 0000005495
005 20220105104012.0
008 070806
020 |a 1844223892 
090 0 0 |a JP   |b EL ENG (4835) 
100 1 |a Murray, W. 
245 1 0 |a 4c :   |b Say the sound   |c Written by W. Murray; illustrated by J.H Wingfield 
260 |a London :   |b Ladybird 
440 0 |a Key words with Ladybird 
500 |a Children age 4-6 years old (yellow) 
650 0 |a Early learning 
650 0 |a Junior preschool   |x English   |x Languages 
700 1 |a Wingfield, J.H. 
710 0 |a Title 
999 |a 0000893521   |b Book   |c Children Collection   |e Cawangan Mersing 
999 |a 0000893525   |b Book   |c Children Collection   |e Cawangan Segamat 
999 |a 0000893526   |b Book   |c Children Collection   |e Cawangan Bandar Penawar 
999 |a 0000979798   |b Book   |c Children Collection   |e Perbadanan Perpustakaan Awam Johor 
999 |a 0000979799   |b Book   |c Children Collection   |e Perbadanan Perpustakaan Awam Johor 
999 |a 0000979800   |b Book   |c Children Collection   |e Perbadanan Perpustakaan Awam Johor 
999 |a 0000979801   |b Book   |c Children Collection   |e Perbadanan Perpustakaan Awam Johor 
999 |a 0000979802   |b Book   |c Children Collection   |e Cawangan Pontian